LEADER 01280nam0-22003971i-450 001 990005437480403321 005 20180918085416.0 035 $a000543748 035 $aFED01000543748 035 $a(Aleph)000543748FED01 035 $a000543748 100 $a19990604d1980----km-y0itay50------ba 101 0 $aita 102 $aIT 105 $ay-------001yy 200 1 $aStoria economica di Roma antica$fFrancesco De Martino 210 $aFirenze$cLa Nuova Italia$dc1980 215 $a2 v.$d21 cm 225 1 $aStrumenti$iRistampe anastatiche$v55/1-2 453 0$10019910283759703321 610 0 $aRoma antica$aEconomia$aStoria 676 $a330.937 700 1$aDe Martino,$bFrancesco$f<1907-2002>$078850 801 0$aIT$bUNINA$gRICA$2UNIMARC 901 $aBK 912 $a990005437480403321 952 $a330.937 DEM 1 (1)$bIST. ANT. GRE. ROM. 3490$fFLFBC 952 $a330.937 DEM 1 (2)$bIST. ANT. GRE. ROM. 3491$fFLFBC 952 $a330.937 DEM 1 (1) BIS$bIST.ST.FIL. 7529$fFLFBC 952 $a330.937 DEM 1 (2) BIS$bIST.ST.FIL. 7529 bis$fFLFBC 952 $aDDR-DeMartino-Demartino-008 (1)$fDDR 952 $aDDR-DeMartino-Demartino-008 (2)$fDDR 959 $aFLFBC 959 $aDDR 996 $aStoria economica di Roma antica$997917 997 $aUNINA LEADER 01491oam 2200505zu 450 001 996199851703316 005 20210807004705.0 010 $a1-118-66552-X 035 $a(CKB)3450000000004114 035 $a(SSID)ssj0000726577 035 $a(PQKBManifestationID)11401084 035 $a(PQKBTitleCode)TC0000726577 035 $a(PQKBWorkID)10673974 035 $a(PQKB)10623820 035 $a(PPN)189800569 035 $a(EXLCZ)993450000000004114 100 $a20160829d1999 uy 101 0 $aeng 181 $ctxt 182 $cc 183 $acr 200 00$aCoastal ocean prediction 210 31$a[Place of publication not identified]$cAmerican Geophysical Union$d1999 225 0 $aCoastal and estuarine studies Coastal ocean prediction 300 $aBibliographic Level Mode of Issuance: Monograph 311 $a0-87590-270-7 606 $aCoasts$xForecasting 606 $aTides 606 $aOcean-atmosphere interaction 606 $aGeography$2HILCC 606 $aEarth & Environmental Sciences$2HILCC 606 $aPhysical Geography$2HILCC 615 0$aCoasts$xForecasting 615 0$aTides 615 0$aOcean-atmosphere interaction 615 7$aGeography 615 7$aEarth & Environmental Sciences 615 7$aPhysical Geography 676 $a551.45/7 702 $aMooers$b C. N. K 801 0$bPQKB 906 $aBOOK 912 $a996199851703316 996 $aCoastal ocean prediction$92043177 997 $aUNISA